Lagu kenangan

Bibliographic Details
Main Author: Mohd. Esmawi Haji Husly
Format: Book
Published: Kuala Lumpur : Dewan Bahasa dan Pustaka , 1986
Subjects:

MARC

LEADER 00000cam a2200000 7i4500
001 0000063933
005 20160615.0
008 160615
090 0 0 |a MOH   |b MAL 
100 0 |a Mohd. Esmawi Haji Husly 
245 1 0 |a Lagu kenangan   |c Mohd. Esmawi Haji Husly 
260 |a Kuala Lumpur :   |b Dewan Bahasa dan Pustaka ,   |c 1986 
300 |a 111p. 
650 0 |a Malay fictions 
999 |a 0000805419   |b Book   |c Adult Collection   |e Cawangan Bandar Penawar 
999 |a 000805444   |b Book   |c Adult Collection   |e Cawangan Muar